|
|
|
|
| LEADER |
00000nam0a2200000 4500 |
| 001 |
367083 |
| 005 |
20231102011939.0 |
| 035 |
|
|
|a (RuTPU)RU\TPU\retro\24446
|
| 090 |
|
|
|a 367083
|
| 100 |
|
|
|a 20220301d1980 m y0rusy50 ca
|
| 101 |
0 |
|
|a rus
|
| 102 |
|
|
|a RU
|
| 105 |
|
|
|a a j 000zy
|
| 200 |
1 |
|
|a Организация, планирование и управление на предприятиях цветной металлургии
|e учебник для вузов
|f И. М. Грацерштейн, Р. Д. Малинова
|
| 205 |
|
|
|a 2-е изд., перераб. и доп.
|
| 210 |
|
|
|a Москва
|c Металлургия
|d 1980
|
| 215 |
|
|
|a 512 с.
|c ил.
|
| 606 |
1 |
|
|a Цветная металлургическая промышленность
|x Предприятия
|x Организация производства
|2 stltpush
|3 (RuTPU)RU\TPU\subj\17720
|9 43291
|
| 610 |
1 |
|
|a учебники
|
| 610 |
1 |
|
|a планирование
|
| 610 |
1 |
|
|a управление
|
| 610 |
1 |
|
|a производственная структура
|
| 610 |
1 |
|
|a техническая подготовка
|
| 610 |
1 |
|
|a качество
|
| 610 |
1 |
|
|a продукция
|
| 610 |
1 |
|
|a технический контроль
|
| 610 |
1 |
|
|a техническое обслуживание
|
| 610 |
1 |
|
|a производственные мощности
|
| 610 |
1 |
|
|a материально-техническое снабжение
|
| 610 |
1 |
|
|a труд
|
| 610 |
1 |
|
|a заработная плата
|
| 610 |
1 |
|
|a себестоимость
|
| 610 |
1 |
|
|a себестоимость
|
| 610 |
1 |
|
|a рентабельность
|
| 610 |
1 |
|
|a хозрасчет
|
| 610 |
1 |
|
|a сетевое планирование
|
| 610 |
1 |
|
|a АСУП
|
| 675 |
|
|
|a 669.2:658.5(075.8)
|v 4
|
| 700 |
|
1 |
|a Грацерштейн
|b И. М.
|g Израиль Маркович
|
| 701 |
|
1 |
|a Малинова
|b Р. Д.
|g Ревекка Давидовна
|
| 801 |
|
1 |
|a RU
|b 63413507
|c 20220301
|
| 942 |
|
|
|c BK
|